000 00839nam a2200265 i 4500
001 bg
003 KOSZ 005
005 20200630132820.0
008 071207s1967 pl a f f 001 0 pol
015 _aPB 1967/3965
040 _aWA N
_cKOSZ 005/RW
_dKOSZ 005/RW
080 _a531
100 1 _aPiekara, Arkadiusz Henryk
_d(1904-1989)
_eAutor
245 1 0 _aMechanika ogólna /
_cArkadiusz Piekara.
250 _aWyd. 3 nie zm.
260 _aWarszawa :
_bPaństwowe Wydawnictwo Naukowe,
_c1967.
300 _a384 s. :
_bil. ;
_c25 cm.
380 _aKsiążki.
504 _aIndeks.
650 4 _aMechanika
655 4 _aPodręcznik
710 2 _aPaństwowe Wydawnictwo Naukowe
_4pbl.
856 _uhttp://koha.tu.koszalin.pl/cgi-bin/koha/opac-detail.pl?biblionumber=10721
_yKatalog online BPK
942 _2UKD
_cKS
999 _c10721
_d10721